La igualdad en el trabajo: hacerla realidad

محفوظ في:
التفاصيل البيبلوغرافية
التنسيق: نص
الموضوعات:
الوسوم: إضافة وسم
لا توجد وسوم, كن أول من يضع وسما على هذه التسجيلة!

MARC

LEADER 00000 a a2200000 04500
001 18697
003
040
245 |a La igualdad en el trabajo:   |b hacerla realidad  
650 |a DISCRIMINACION  
650 |a TRABAJO  
650 |a ASPECTOS JURIDICOS  
650 |a EMPRESAS  
773 |g número 59; páginas 12-15  
999 |c 33970  |d 33970